Szczegóły MARC21

Inna scena : ciało, płeć, pożądanie : tożsamość seksualna i tożsamość płci w polskim dramacie i teatrze /

003 -Nazwa inst., której nr kontr. jest w polu 001 [,]
    • @
    • Nazwa instytucji, której n kontrolny jest w polu 001
    • NUKAT
005 -DATA I CZAS OSTATNIEJ MODYFIKACJI [,]
    • @
    • pole kontrolne
    • 20241231115723.0
020 -Międzynarod. znormalizowany nr książki - ISBN [ , ]
    • a
    • Numer ISBN
    • 9788392333180 Find
040 -Instytucja sporządzająca opis [ , ]
    • a
    • Instytucja, która sporządziła opis (NP)
    • KR U/JJo
    • c
    • Instytucja, która sporządziła rekord (NP)
    • KR U/JJo
    • d
    • Instytucja, która zmodyfikowała rekord (P)
    • KR U/ES
    • d
    • Instytucja, która zmodyfikowała rekord (P)
    • WA U/JKs
942 -Rodzaj dokumentu [ , ]
    • c
    • Rodzaj dokumentu
    • Książka
245 -Strefa tytułu i oznaczenia odpowiedzialności [0,0]
    • a
    • Tytuł
    • Inna scena : Find
    • b
    • Ciąg dalszy tytułu (NP)
    • ciało, płeć, pożądanie : tożsamość seksualna i tożsamość płci w polskim dramacie i teatrze / Find
    • c
    • Pozostałe elementy strefy tytułu i oznaczenia odpowiedzialności (NP)
    • pod red. Agaty Adamieckiej-Sitek i Doroty Buchwald.
246 -Wariant tytułu [3,0]
    • a
    • Tytuł (NP)
    • Ciało, płeć, pożądanie : tożsamość seksualna i tożsamość płci w polskim dramacie i teatrze
260 -Strefa adresu wydawniczego [ , ]
    • a
    • Miejsce wydania (P)
    • Warszawa :
    • b
    • Nazwa wydawcy (P)
    • Instytut Teatralny im. Zbigniewa Raszewskiego,
    • c
    • Data wydania (P)
    • 2008.
300 -Strefa opisu fizycznego [ , ]
    • a
    • Określenie formy książki i/lub objętość (NP)
    • 270, [2] s. :
    • b
    • Oznaczenie ilustracji (NP)
    • il. kolor. ;
    • c
    • Format (NP)
    • 26 cm.
336 -Typ zawartości [ , ]
    • a
    • Termin opisujący typ zawartości
    • Tekst
    • b
    • Kod określający zawartość
    • txt
    • 2
    • Źródło (terminu i kodu)
    • rdacontent
337 -Typ mediów [ , ]
    • a
    • Tryb odtwarzania
    • Bez urządzenia pośredniczącego
    • b
    • Kod typu mediów
    • n
    • 2
    • Źródło (terminu i kodu)
    • rdamedia
338 -Typ/rodzaj nośnika [ , ]
    • a
    • Hasło opisujące typ nośnika
    • Wolumin
    • b
    • Kod typu nośnika
    • nc
    • 2
    • Źródło (terminu i kodu)
    • rdacarrier
504 -Uwaga dot. bibliogr. załącznikowej [ , ]
    • a
    • Uwaga dot. bibliografii załącznikowej
    • Indeks.
080 -Uniwersalna Klasyfikacja Dziesiętna [ , ]
    • 2
    • Identyfikator wydania tablic
    • UDC-P058
    • 9
    • UKD
    • 47437
    • a
    • Symbol klasyfikacji
    • 792(438)(091)
    • b
    • Dopowiedzenie
    • Historia teatru polskiego.
    • 4
    • UKD2
    • 9033
    • x
    • Poddział wspólny
    • "18/20"
    • c
    • Dopowiedzenie poddz. wspólnego
    • Wiek XIX/XXI.
    • 4
    • UKD2
    • 7641
    • x
    • Poddział wspólny
    • (061)
    • c
    • Dopowiedzenie poddz. wspólnego
    • (Wydawnictwa odnoszące się do konferencji, zjazdów itd. Sprawozdania z konferencji).
080 -Uniwersalna Klasyfikacja Dziesiętna [ , ]
    • 2
    • Identyfikator wydania tablic
    • UDC-P058
    • 9
    • UKD
    • 2713
    • a
    • Symbol klasyfikacji
    • 305
    • b
    • Dopowiedzenie
    • Problematyka płci. Gender study. Rola płci z różnych punktów widzenia.
    • 4
    • UKD2
    • 7642
    • x
    • Poddział wspólny
    • (438)
    • c
    • Dopowiedzenie poddz. wspólnego
    • (Polska).
    • 4
    • UKD2
    • 8606
    • x
    • Poddział wspólny
    • "19/20"
    • c
    • Dopowiedzenie poddz. wspólnego
    • Wiek XX/XXI.
    • 4
    • UKD2
    • 7641
    • x
    • Poddział wspólny
    • (061)
    • c
    • Dopowiedzenie poddz. wspólnego
    • (Wydawnictwa odnoszące się do konferencji, zjazdów itd. Sprawozdania z konferencji).
080 -Uniwersalna Klasyfikacja Dziesiętna [ , ]
    • 2
    • Identyfikator wydania tablic
    • UDC-P058
    • 9
    • UKD
    • 8433
    • a
    • Symbol klasyfikacji
    • 821.162.1(091)-2
    • b
    • Dopowiedzenie
    • Literatura polska (historia). - Utwory dramatyczne. Scenariusze filmowe.
    • 4
    • UKD2
    • 8606
    • x
    • Poddział wspólny
    • "19/20"
    • c
    • Dopowiedzenie poddz. wspólnego
    • Wiek XX/XXI.
    • 4
    • UKD2
    • 7641
    • x
    • Poddział wspólny
    • (061)
    • c
    • Dopowiedzenie poddz. wspólnego
    • (Wydawnictwa odnoszące się do konferencji, zjazdów itd. Sprawozdania z konferencji).
650 -Hasło przedmiotowe [ ,7]
    • a
    • Hasło przedmiotowe
    • Dramat polski
    • x
    • Określnik rzeczowy
    • tematy, motywy.
    • 2
    • Źródło terminu
    • kaba
    • 9
    • KHW
    • 388721
650 -Hasło przedmiotowe [ ,7]
    • a
    • Hasło przedmiotowe
    • Płeć
    • x
    • Określnik rzeczowy
    • w teatrze.
    • 2
    • Źródło terminu
    • kaba
    • 9
    • KHW
    • 650963
650 -Hasło przedmiotowe [ ,7]
    • a
    • Hasło przedmiotowe
    • Seksualność
    • x
    • Określnik rzeczowy
    • w teatrze.
    • 2
    • Źródło terminu
    • kaba
    • 9
    • KHW
    • 152941
650 -Hasło przedmiotowe [ ,7]
    • a
    • Hasło przedmiotowe
    • Płeć
    • x
    • Określnik rzeczowy
    • w literaturze.
    • 2
    • Źródło terminu
    • kaba
    • 9
    • KHW
    • 372815
650 -Hasło przedmiotowe [ ,7]
    • a
    • Hasło przedmiotowe
    • Seksualność
    • x
    • Określnik rzeczowy
    • w literaturze.
    • 2
    • Źródło terminu
    • kaba
    • 9
    • KHW
    • 129901
650 -Hasło przedmiotowe [ ,7]
    • a
    • Hasło przedmiotowe
    • Homoseksualizm
    • x
    • Określnik rzeczowy
    • w literaturze.
    • 2
    • Źródło terminu
    • kaba
    • 9
    • KHW
    • 111520
650 -Hasło przedmiotowe [ ,7]
    • a
    • Hasło przedmiotowe
    • Teatr
    • z
    • Określnik geograficzny
    • Polska
    • y
    • Określnik chronologiczny
    • 20 w.
    • 2
    • Źródło terminu
    • kaba
    • 9
    • KHW
    • 357961
980 -Symbol UKD [ , ]
    • a
    • UKD
    • 792(438)(091)"18/20":[305(438):821.162.1(091)-2]"19/20"(061)
700 -Hasło dodatkowe - nazwa osobowa [1, ]
    • a
    • Nazwa osobowa (NP)
    • Adamiecka-Sitek, Agata Find
    • d
    • Daty biograficzne (NP)
    • (1974- ).
    • e
    • Określenie rodzaju współpracy
    • Red.
    • 9
    • KHW
    • 16117
700 -Hasło dodatkowe - nazwa osobowa [1, ]
    • a
    • Nazwa osobowa (NP)
    • Buchwald, Dorota. Find
    • e
    • Określenie rodzaju współpracy
    • Red.
    • 9
    • KHW
    • 16118
856 -Dostęp do wersji elektronicznej [4,8]
920 -ISBN [ , ]
    • a
    • ISBN
    • 978-83-923331-8-0 Find
Sygnatura Status udost. Lokalizacja Data inwentaryzacji Numer inwentarzowy
POL. Gender studies 061BM2010-06-11P.22287